Dane a právo v praxi

Guardado en:
Detalles Bibliográficos
Formato: Seriadas
Lenguaje:eslovaco
Publicado: Bratislava ADORE Slovakia 2000
Materias:
Etiquetas: Agregar Etiqueta
Sin Etiquetas, Sea el primero en etiquetar este registro!

MARC

LEADER 00000nas2a2200000 4500
001 s124621
005 20231103122535.1
022 |a 1335-2539 
041 0 |a slo 
044 |a SK 
245 1 0 |a Dane a právo v praxi 
264 1 |a Bratislava  |b ADORE Slovakia  |c 2000 
300 |a 2 zv. 
773 0 |w eu_un_cat*s120008 
610 2 0 |a dane 
610 2 0 |a právo 
610 2 0 |a financie